| 000 | 01130cam a22003377a 4500 | ||
|---|---|---|---|
| 003 | CHAP | ||
| 005 | 20220817043120.0 | ||
| 008 | 971013s1985 it r 00010 spa d | ||
| 010 | _a66150 | ||
| 011 | _a67122 | ||
| 035 | _a76591 | ||
| 040 | _cCHAP | ||
| 082 |
_a630.3 _bF21 1985 v.36 |
||
| 110 | _aFAO | ||
| 245 | 1 | 0 |
_aTérminos de telepercepción _c/por FAO |
| 260 |
_aRoma : _bFAO, _c1985 |
||
| 300 | _a374 p. | ||
| 490 | 0 |
_aBoletín de terminología _v; 36 |
|
| 500 | _aTrilingüe (francés, Inglés, español) | ||
| 590 |
_aBATCH-UPD _b10 _c20130110 _lUCH01 _h1353 |
||
| 590 |
_aBATCH-UPD _b10 _c20130410 _lUCH01 _h0849 |
||
| 590 |
_aBATCH-UPD _b10 _c20130914 _lUCH01 _h0653 |
||
| 590 |
_aBATCH-UPD _b10 _c20130914 _lUCH01 _h2145 |
||
| 590 |
_aCONVERSION _b10 _c20130109 _lUCH01 _h1336 |
||
| 650 | 1 | 4 |
_aSensores remotos _xTerminología. _9104431 |
| 830 | 0 |
_aBoletín de terminología _v; 36 _913539 |
|
| 901 | _aBK | ||
| 942 | _cLIBRO | ||
| 949 |
_a630.3 F21 1985 v.36 _bBC _cFAO _d33724000435434 _eFAO2 _fc.2 _gDonaciØn _h72198 _i76591 _si |
||
| 949 |
_a630.3 F21 1985 v.36 _bBC _cFAO _d33724002253553 _eFAO1 _gDonaciØn _h70522 _i76591 _si |
||
| 999 |
_c66150 _d66150 |
||